Normal view
MARC view
Entry Personal Name
001 - CONTROL NUMBER
- control field: 62976
003 - CONTROL NUMBER IDENTIFIER
- control field: dpl
005 - DATE AND TIME OF LATEST TRANSACTION
- control field: 20240307171254.0
008 - FIXED-LENGTH DATA ELEMENTS
- fixed length control field: 240307|| aca||aabn | a|a d
040 ## - CATALOGING SOURCE
- Original cataloging agency: dpl
- Transcribing agency: dpl
100 ## - HEADING--PERSONAL NAME
- Personal name: द्विवेदी,शरद
670 ## - SOURCE DATA FOUND
- Source citation: Work cat.: (dpl)201314: द्विवेदी,शरद, किन्नर;अबूझ रहस्यमय जीवन/, 2022
